01516nam a2200265 a 4500008004100000020001500041020002400056050001400080100002200094245008800116250001200204260003000216300003300246350000900279490006500288650002600353650002600379700002500405995016000430995016100590995016100751995016100912995016001073999001701233070523s2003 ||||||||||||||||| || u a0072470267 a0072942444 (CD-ROM) aHA 29 Bow aBowerman, Bruce L10aBusiness statistics in practice.-- 3rd ed.cBruce L. Bowerman, Richard T. O'Connell a3rd ed. aBostonbMcGraw-Hillc2003 axxxi, 864p.: ill. + 1 CD-ROM a0.00 aIrwin/McGraw-Hill series in operations and decision sciences 3aP0PULATION STATISTICS 0aCOMMERCIAL STATISTICS aO'Connell, Richard T aANNEX COLLECTION (Main Library)D0.00e737852FCBU-MAIN LIBRARY (Kitwe)H1I0.00jHA 29 BowM2UAVAILABLEWMay 23, 2007y54845ZAnnex Low-Usage Collection  aMAIN LIBRARY OPEN ACCESSD0.00e737849FCBU-MAIN LIBRARY (Kitwe)H1I0.00jHA 29 BowM3UAVAILABLEWMay 23, 2007y55051ZMain Library Open Access Collection aMAIN LIBRARY OPEN ACCESSD0.00e737851FCBU-MAIN LIBRARY (Kitwe)H1I0.00jHA 29 BowM4UAVAILABLEWMay 23, 2007y54852ZMain Library Open Access Collection aMAIN LIBRARY OPEN ACCESSD0.00e737850FCBU-MAIN LIBRARY (Kitwe)H1I0.00jHA 29 BowM5UAVAILABLEWMay 23, 2007y54853ZMain Library Open Access Collection aANNEX COLLECTION (Main Library)D0.00e737848FCBU-MAIN LIBRARY (Kitwe)H1I0.00jHA 29 BowM1UAVAILABLEWMay 23, 2007y55052ZAnnex Low-Usage Collection  c79071d79071